• 首页
  • 本馆介绍
  • 公告通知
  • 最新文献
  • 馆藏检索
  • 电子资源
  • 读者导购
  • 参考咨询
  • 我的图书馆
  • 登录
  • 详细信息显示
  • 放入我的书架
  • 预约/预借图书
  • 作者相关作品
  • 分类相关作品
  • 丛书相关作品
  • 出版社相关作品

书目信息

  • 表格格式
  • 工作单格式
  • 卡片格式
题名:
学会吃!快速调理甲状腺疾病
    
 
作者: 胡维勤 主编
分册:  
出版信息: 哈尔滨   黑龙江科学技术出版社  2018.01
页数: 198页
开本: 22cm
丛书名:
单 册:
中图分类: R259.81 , TS972.161 , R247.1
科图分类:
主题词: 甲状腺疾病--食物疗法 , 甲状腺疾病--食物疗法--食谱 , 中医学:临床医学
电子资源:
ISBN: 978-7-5388-9432-5
000 01074nam0 2200277 450
001 404
005 20180922104023.42
010    @a978-7-5388-9432-5@b精装@dCNY39.80
100    @a20180217d2018 em y0chiy50 ea
101 0  @achi
102    @aCN@b230000
105    @aa z 000yy
200 1  @a学会吃!快速调理甲状腺疾病@9xue hui chi!kuai su tiao li jia zhuang xian ji bing@f胡维勤主编
210    @a哈尔滨@c黑龙江科学技术出版社@d2018.01
215    @a198页@c彩图@d22cm
300    @a金版健康文库 美好生活典藏书系
330    @a本书主要介绍了甲状腺疾病的预防和调养,包括甲状腺相的位置及功能、伤害甲状腺的因素、甲状腺病的早期症状;还介绍了多种常见甲状腺病的食养方法,如甲状腺功能亢进症与甲状腺功能减退症患者和单纯性甲状腺肿、碘缺乏病等,包括宜食食物、禁食食物、居家中医疗法等内容。
606 0  @a甲状腺疾病@x食物疗法
606 0  @a甲状腺疾病@x食物疗法@x食谱
606 0  @a中医学:临床医学
690    @aR259.81@v5
690    @aTS972.161@v5
690    @aR247.1@v4
701  0 @a胡维勤@9hu wei qin@4主编
801  0 @aCN@b91MARC@c20180217
905    @aMuseLib@dR247.1@e430
    
    学会吃!快速调理甲状腺疾病/胡维勤主编.-哈尔滨:黑龙江科学技术出版社,2018.01
    198页:彩图;22cm
    金版健康文库 美好生活典藏书系
    
    ISBN 978-7-5388-9432-5(精装):CNY39.80
    本书主要介绍了甲状腺疾病的预防和调养,包括甲状腺相的位置及功能、伤害甲状腺的因素、甲状腺病的早期症状;还介绍了多种常见甲状腺病的食养方法,如甲状腺功能亢进症与甲状腺功能减退症患者和单纯性甲状腺肿、碘缺乏病等,包括宜食食物、禁食食物、居家中医疗法等内容。
●
相关链接 在E读中查询图书 在五车中查询图书 在当当中查询图书 在豆瓣中查询图书


正题名:学会吃!快速调理甲状腺疾病     索取号:R247.1/430         预约/预借

序号 登录号 条形码 馆藏地/架位号 状态 备注
1 1119719   211197195   第二样本阅览室/ [索取号:R247.1/430] 在馆    
2 1119720   211197202   密集书库-生命科学系/ [索取号:R247.1/430] 在馆    
3 1119721   211197211   第三借阅区/ [索取号:R247.1/430] 在馆    
4 1119722   211197220   第三借阅区/ [索取号:R247.1/430] 在馆    
5 1119723   211197239   第三借阅区/ [索取号:R247.1/430] 在馆    
唐山师范学院图书馆 欢迎您!
大连网信软件有限公司© 版权所有